Quiz sur l’Empire Romain version intermédiaire - Statistiques

Statistiques générales
  • Ce quiz a été pris 82 fois
  • Le résultat moyen est 4 sur 15
Statistiques - réponses
Questions Réponses % Correct
Quel empereur romain est célèbre pour avoir construit un mur en Grande-Bretagne pour protéger la province romaine des invasions? Hadrien
68%
Quel nom porte les bains publiques romains? Les thermes
56%
Comment s'appelle la célèbre bataille navale en 31 avant J.-C. où Octave a vaincu Marc Antoine et Cléopâtre? Actium
45%
Quand est ce que cette république est remplacée? 27 av J-C
30%
Quel est le nom du poète romain célèbre pour son œuvre "L'Énéide" ? Virgile
30%
Quand a était fondé la république romaine? 509 av J-C
27%
Noms des assemblées qui expriment la volonté du peuple romain? Les comices
26%
L'un des deux principaux ordres sociaux de la République romaine? Les patriciens ou plébéiens
20%
Quel empereur tolère le christianisme par l'édit de Milan en 313? Constantin I
18%
Quel sénateur romain était célèbre pour son opposition à Carthage et répétait souvent la phrase "Carthago delenda est" (Carthage doit être détruite)? Caton
15%
Quel est la faction (parti politique) de Pompée dans la seconde guerre civil romaine? Optimates
15%
Quel empereur romain a divisé l'Empire en deux parties, orientale et occidentale, pour une meilleure administration? Dioclétien
14%
Quel peuple indo-européen Trajan a-t-il eu du mal a vaincre en 106? Les Daces
9%
Comment s'appelle l'ensemble de lois romaines gravées sur douze tables et exposées publiquement au Forum romain au 5ème siècle avant J.-C? Les Douze Tables
3%
Quel était le nom de la puissante famille qui a régné sur Rome à la fin de la République romaine et a joué un rôle crucial dans les guerres civiles romaines? Les Julio-Claudiens
3%
Aucun quiz correspondant
Distribution des résultats
% des personnes avec chaque résultat
Percentile par nombre de réponses
Votre historique - résultats
Vous n’avez pas pris ce quiz